KOHA-Header-6

Lippincott's Illustrated Reviews Biochemistry (Record no. 2286)

000 -LEADER
fixed length control field 00321nam a2200121Ia 4500
008 - FIXED-LENGTH DATA ELEMENTS--GENERAL INFORMATION
fixed length control field 190802s9999 xx 000 0 und d
020 ## - INTERNATIONAL STANDARD BOOK NUMBER
International Standard Book Number 978-93-5129-794-9
100 ## - MAIN ENTRY--PERSONAL NAME
Personal name Denise R.Ferrier
245 #0 - TITLE STATEMENT
Title Lippincott's Illustrated Reviews Biochemistry
260 ## - PUBLICATION, DISTRIBUTION, ETC. (IMPRINT)
Place of publication, distribution, etc USA
Name of publisher, distributor, etc Wolters Kluwer
Date of publication, distribution, etc 2017
300 ## - PHYSICAL DESCRIPTION
Extent 567:P
942 ## - ADDED ENTRY ELEMENTS (KOHA)
Koha item type Books
Holdings
Withdrawn status Lost status Damaged status Not for loan Collection code Permanent Location Current Location Shelving location Date acquired Total Checkouts Full call number Barcode Date last seen Date checked out Price effective from Koha item type
        Bio Sciences MAJU MAJU Shelf No.A37 2019-08-03 2 612.39 8909 2023-05-31 2023-05-23 2019-08-03 Bio Science

Powered by Koha